000 004480000a22001690004500
003 MACL
005 20150707135106.0
008 150707b xxu||||| |||| 00| 0 eng d
040 _aMACL
_cMACL
041 _aEnglish
100 _aSircar, Manjusri Chaki
_91130
245 _aFeminism in a Traditional Society
_bWomen of Manipur Valley
260 _bShakti Books
_c1984
_aNew Delhi
350 _a150
650 _aSociology
_919
942 _cBK
_k307
_2ddc
999 _c5683
_d5683